Feminist and queer performance : critical strategies /

Gespeichert in:
Bibliographische Detailangaben
1. Verfasser: Case, Sue-Ellen (Verfasst von)
Format: Buch
Sprache:Englisch
Veröffentlicht: Hampshire : Palgrave Macmillan, c2009
Tags: Tag hinzufügen
Keine Tags, Fügen Sie das erste Tag hinzu!

MARC

LEADER 00000nam a22000007i 4500
001 IT\ICCU\UBO\3682306
003 ItRI
005 20260115231814.0
008 090902s2009 xxk|||||| ||||| |||||c
020 |a 0230537545 (hbk) 
020 |a 9780230537545 (hbk) 
020 |a 9780230537552 (pbk) 
040 |b ita  |c importazione bologna sebina 
041 7 |a eng  |2 ISO-639-2 
100 1 |a Case, Sue-Ellen  |0 IT\ICCU\MILV\106464  |4 aut 
245 1 0 |a Feminist and queer performance :  |b critical strategies /  |c Sue-Ellen Case. 
260 |a Hampshire :  |b Palgrave Macmillan,  |c c2009 
300 |a viii, 198 p. :  |b ill. ;  |c 22 cm. 
942 |2 ddc  |c BK  |n 0 
952 |0 0  |1 0  |4 0  |6 L_792_082000000000000_CAS  |7 0  |9 13048  |a BO  |b BO  |d 2026-01-15  |i 13010  |l 0  |o L 792.082 CAS  |p BO13010  |r 2026-01-15 23:18:14  |w 2026-01-15  |x [Sebina 5] [1 v.]  |y BK  |z 1 v. 
999 |c 11179  |d 11179